La donna dei media

Gardado en:
Detalles Bibliográficos
Autor Principal: Di Cristofaro Longo Gioia
Formato: Libro
Idioma:lingua descoñecida ou non válida
Publicado: Roma Poligrafico dello Stato 1991
Tags: Engadir etiqueta
Sen Etiquetas, Sexa o primeiro en etiquetar este rexistro!

MARC

LEADER 00000nam a2200000Ia 4500
001 28
003 NUMERAZIONE-ORIGINALE-BRESCIA
005 20260206230747.0
008 260206s9999 xx 000 0 und d
100 |a Di Cristofaro Longo Gioia 
245 0 |a La donna dei media 
260 |a Roma 
260 |b Poligrafico dello Stato 
260 |c 1991 
500 |a Denunce, analisi, ricerche.. 
942 |2 ddc  |c BK  |n 0 
952 |0 0  |1 0  |2 ddc  |4 0  |6 24  |7 0  |9 28206  |a BS  |b BS  |d 2026-02-06  |i 28  |l 0  |o 2-4-*  |r 2026-02-06 22:40:30  |w 2026-02-06  |x [REVISIONARE]  |y BK 
999 |c 23910  |d 23910